[Event "Memorial Larsen"]
[Site "Treviglio"]
[Date "2010.10.13"]
[Round "3"]
[White "Rossetti, Dario"]
[Black "Parolini, Marco"]
[WhiteElo "1440"]
[BlackElo "1440"]
[Result "1-0"]
[PlyCount "120"]
[EventDate "2010.??.??"]

1. e4 e5 2. Nf3 Nc6 3. Bb5 d6 4. d4 a6 5. Bg5 Be7 6. Bxc6+ bxc6 7. Be3 Nf6 8.
Nc3 Bg4 9. dxe5 dxe5 10. Qxd8+ Rxd8 11. Nxe5 Bd7 12. O-O-O O-O 13. Nxd7 Rxd7
14. Rxd7 Nxd7 15. f4 Nf6 16. h3 Bb4 17. e5 Bxc3 18. bxc3 Nd5 19. Bd2 Rb8 20. g4
c5 21. f5 c4 22. e6 f6 23. h4 Rb5 24. Re1 Kf8 25. Re4 Ra5 26. Kb2 Rc5 27. Ka1
Ke7 28. Be1 Nb6 29. Bf2 Rd5 30. Bxb6 cxb6 31. Rxc4 Rd1+ 32. Kb2 Rh1 33. h5 Rh4
34. Rd4 g6 35. Rd7+ Ke8 36. Rxh7 gxf5 37. gxf5 Rf4 38. h6 Rxf5 39. Rf7 Rh5 40.
Rxf6 Ke7 41. Rg6 Kd6 42. e7+ Kxe7 43. Rxb6 a5 44. Rb7+ Kd8 45. h7 Kc8 46. Rg7
a4 47. Rg8+ Kc7 48. h8=Q Rxh8 49. Rxh8 Kb6 50. Ka3 Kb5 51. Ra8 Kc4 52. Rxa4+
Kxc3 53. Ra8 Kxc2 54. Rb8 Kc3 55. Rc8+ Kd2 56. Kb3 Ke1 57. a4 Ke2 58. a5 Ke3
59. a6 Kd4 60. a7 Ke5 1-0

[Event "Memorial Larsen"]
[Site "Treviglio"]
[Date "2010.10.13"]
[Round "3"]
[White "Vuckovic, Dimitrije"]
[Black "Menato, Nazario"]
[WhiteElo "1589"]
[BlackElo "1567"]
[Result "0-1"]
[PlyCount "76"]
[EventDate "2010.??.??"]

1. Nf3 c5 2. c4 d6 3. Nc3 Nf6 4. h3 Bf5 5. d3 h6 6. e4 Bh7 7. Bf4 e5 8. Be3
Nbd7 9. Be2 Be7 10. Nh4 O-O 11. Nf5 Bxf5 12. exf5 Nb6 13. Bf3 Qd7 14. g4 d5 15.
cxd5 Nbxd5 16. Nxd5 Nxd5 17. Qe2 f6 18. Rc1 b6 19. Bd2 Rad8 20. Rd1 Rfe8 21.
Be4 Nf4 22. Bxf4 exf4 23. Qf3 Bd6 24. O-O Be5 25. Bc6 Qd4 26. Bxe8 Rxe8 27. Rb1
a5 28. Qe4 Qd6 29. b3 Kh7 30. h4 b5 31. Qf3 Rh8 32. Rbd1 Qd4 33. g5 hxg5 34.
hxg5 fxg5 35. Qh1+ Kg8 36. Qa8+ Kh7 37. Qxa5 f3 38. Rfe1 Qg4+ 0-1

[Event "Memorial Larsen"]
[Site "Treviglio"]
[Date "2010.10.20"]
[Round "4"]
[White "Catalano, Marcello"]
[Black "Acunzo, Domenico"]
[WhiteElo "1700"]
[BlackElo "1802"]
[Result "1-0"]
[PlyCount "57"]
[EventDate "2010.??.??"]

1. e4 e6 2. d4 d5 3. Nc3 Bb4 4. e5 c5 5. a3 Bxc3+ 6. bxc3 Ne7 7. h4 Qc7 8. Nf3
cxd4 9. cxd4 Nbc6 10. Bd3 Bd7 11. h5 Nxd4 12. O-O Nxf3+ 13. Qxf3 Qxe5 14. Bf4
Qf6 15. Qg3 Nc6 16. Rfe1 h6 17. Rab1 O-O-O 18. c4 Rde8 19. cxd5 exd5 20. Rec1
g5 21. hxg6 fxg6 22. Ba6 Kd8 23. Bxb7 Ke7 24. Bxc6 Bxc6 25. Be5 Qf5 26. Bxh8
Rxh8 27. Qc7+ Bd7 28. Re1+ Kf6 29. Qc3+ 1-0

[Event "Memorial Larsen"]
[Site "Treviglio"]
[Date "2010.10.20"]
[Round "4"]
[White "Corna, Giovanni"]
[Black "Vuckovic, Dimitrije"]
[WhiteElo "1440"]
[BlackElo "1589"]
[Result "0-1"]
[PlyCount "64"]
[EventDate "2010.??.??"]

1. e4 c5 2. Nf3 d6 3. Nc3 Nf6 4. Bc4 Nc6 5. d3 g6 6. Bg5 Bg7 7. O-O a6 8. h3
O-O 9. Re1 b5 10. Bxf6 Bxf6 11. Bd5 Bd7 12. Qd2 Rc8 13. a3 e5 14. b3 Ne7 15. a4
Rb8 16. Qe3 bxa4 17. bxa4 Qa5 18. Ra3 Qb4 19. Rea1 Qa5 20. Qh6 Bg7 21. Qg5 Rfe8
22. Qh4 h6 23. Qg3 Rb2 24. Nh4 Rxc2 25. Nxg6 Rxc3 26. Rxc3 Qxc3 27. Nxe7+ Rxe7
28. Ra2 Qb4 29. a5 Be6 30. Qh4 Kf8 31. f3 Bxd5 32. exd5 Qb1+ 0-1

[Event "Memorial Larsen"]
[Site "Treviglio"]
[Date "2010.10.20"]
[Round "4"]
[White "Maffeis, Fabio"]
[Black "Bonora, Stefano"]
[WhiteElo "1440"]
[BlackElo "1440"]
[Result "1-0"]
[PlyCount "101"]
[EventDate "2010.??.??"]

1. e4 e5 2. Nf3 Nc6 3. Bb5 a6 4. Ba4 Bc5 5. c3 Nf6 6. d3 O-O 7. d4 exd4 8. cxd4
Bb6 9. e5 Re8 10. O-O Ng4 11. h3 Nh6 12. Bxh6 gxh6 13. Qd3 d6 14. Bc2 Kf8 15.
Qxh7 Nxd4 16. Qxh6+ Ke7 17. Qf6+ Kf8 18. Nxd4 Qxf6 19. exf6 Bxd4 20. Nc3 Bxf6
21. Nd1 Be6 22. a3 Ke7 23. Re1 Kd7 24. Ne3 Bxb2 25. Rab1 Bc3 26. Red1 b5 27.
Nd5 Be5 28. a4 Rab8 29. f4 Bxd5 30. Rxd5 Bxf4 31. Rf5 Be3+ 32. Kh2 c5 33. Rxf7+
Re7 34. Rxe7+ Kxe7 35. Re1 b4 36. Rxe3+ Kd7 37. Bb3 Kc6 38. Rd3 Rd8 39. g4 d5
40. Rd1 c4 41. Bxc4 dxc4 42. Rxd8 b3 43. Rb8 Kd5 44. h4 Kd4 45. h5 c3 46. Rb4+
Kd3 47. Rxb3 Kd2 48. Rxc3 Kxc3 49. h6 Kb3 50. h7 Kxa4 51. h8=Q 1-0

[Event "Memorial Larsen"]
[Site "Treviglio"]
[Date "2010.10.20"]
[Round "4"]
[White "Marangoni, Roberto"]
[Black "Fiammetti, Gianluca"]
[WhiteElo "1440"]
[BlackElo "1464"]
[Result "1-0"]
[PlyCount "64"]
[EventDate "2010.??.??"]

1. e4 d5 2. exd5 Qxd5 3. Nc3 Qa5 4. d4 Nf6 5. Nf3 Ne4 6. Bd3 Nxc3 7. bxc3 Qxc3+
8. Bd2 Qa3 9. O-O Nc6 10. Qe1 Qd6 11. c3 b6 12. a4 Bb7 13. Ng5 Na5 14. Be3 h6
15. Ne4 Bxe4 16. Bxe4 Rb8 17. Qe2 Kd8 18. Rfd1 e6 19. c4 Be7 20. Rab1 Bg5 21.
c5 Qe7 22. d5 Bxe3 23. d6 Bxf2+ 24. Qxf2 cxd6 25. Rxd6+ Ke8 26. Rbd1 Qc7 27.
cxb6 axb6 28. Qf4 Ke7 29. Rxe6+ fxe6 30. Qxc7+ Kf6 31. Rf1+ Kg5 32. Qxg7+ Kh4
1-0

[Event "Memorial Larsen"]
[Site "Treviglio"]
[Date "2010.10.20"]
[Round "4"]
[White "Menato, Nazario"]
[Black "Radaelli, Pietro"]
[WhiteElo "1567"]
[BlackElo "1455"]
[Result "1/2-1/2"]
[PlyCount "62"]
[EventDate "2010.??.??"]

1. Nf3 c5 2. e4 Nc6 3. g3 e5 4. Bg2 Nf6 5. d3 d6 6. O-O Bg4 7. c3 Qd7 8. Nbd2
Bh3 9. a4 Bxg2 10. Kxg2 Be7 11. Nc4 O-O 12. Rh1 Qc7 13. Nh4 Na5 14. Nxa5 Qxa5
15. Nf5 Qd8 16. h4 d5 17. Nxe7+ Qxe7 18. Bg5 dxe4 19. dxe4 Rad8 20. Qf3 Rd6 21.
Rad1 Rfd8 22. c4 Rxd1 23. Rxd1 Rd4 24. b3 Qd6 25. Bxf6 Qxf6 26. Qg4 Qd8 27. Re1
f6 28. h5 Qd7 29. Qf3 Rd3 30. Re3 Rxe3 31. Qxe3 b6 1/2-1/2

[Event "Memorial Larsen"]
[Site "Treviglio"]
[Date "2010.10.20"]
[Round "4"]
[White "Paravella, Tiziano"]
[Black "Ornaghi, Giovanni"]
[WhiteElo "1897"]
[BlackElo "1680"]
[Result "1-0"]
[PlyCount "85"]
[EventDate "2010.??.??"]

1. c4 f5 2. Nc3 g6 3. e4 d6 4. Nf3 Bg7 5. d4 Nc6 6. d5 Ne5 7. Nd4 fxe4 8. Nxe4
c5 9. Ne6 Bxe6 10. dxe6 Nf6 11. Bd3 O-O 12. O-O Qc8 13. Nxf6+ Rxf6 14. Be4 Nxc4
15. Qd5 Nb6 16. Qxb7 Qxb7 17. Bxb7 Rb8 18. Bc6 Rff8 19. Bg5 Bf6 20. h4 Kg7 21.
Rad1 Rbd8 22. b3 h6 23. Bxf6+ Rxf6 24. Rfe1 d5 25. Rc1 d4 26. Rxc5 d3 27. Bf3
Rd6 28. Rce5 d2 29. Rd1 Rfxe6 30. Rxe6 Rxe6 31. Rxd2 Rd6 32. Rc2 Rd7 33. Kf1
Kf6 34. Ke2 Nd5 35. Bxd5 Rxd5 36. Ke3 e6 37. g3 Rd7 38. Rc5 Rd6 39. Ra5 Rd7 40.
b4 e5 41. a3 g5 42. Ra6+ Kg7 43. h5 1-0

[Event "Memorial Larsen"]
[Site "Treviglio"]
[Date "2010.10.20"]
[Round "4"]
[White "Parolini, Marco"]
[Black "Mandari, Gianfranco"]
[WhiteElo "1440"]
[BlackElo "1440"]
[Result "1-0"]
[PlyCount "87"]
[EventDate "2010.??.??"]

1. e4 e5 2. Nf3 d6 3. Bc4 Nf6 4. d3 d5 5. exd5 Nxd5 6. O-O Bf5 7. Re1 f6 8.
Nbd2 Qd6 9. Ne4 Qc6 10. a4 Nd7 11. Nh4 Be6 12. Qh5+ Bf7 13. Qf5 Qe6 14. Bxd5
Qxf5 15. Nxf5 Bxd5 16. c4 Bxe4 17. dxe4 O-O-O 18. b3 Nb6 19. Ba3 g6 20. Ne7+
Bxe7 21. Bxe7 Rde8 22. Bxf6 Rhf8 23. Bg7 Rf7 24. Bh6 Nd7 25. a5 Nc5 26. b4 Nb3
27. Ra2 g5 28. Bxg5 Rg8 29. Be3 Rf3 30. Bxa7 h5 31. Rb2 h4 32. Kh1 Rd3 33. Be3
Rgd8 34. Kg1 Nc1 35. Bxc1 Rd1 36. Kf1 Rxe1+ 37. Kxe1 b6 38. Rd2 Rxd2 39. Bxd2
Kb7 40. axb6 Kxb6 41. Be3+ Kc6 42. Kd2 Kd6 43. f3 c6 44. c5+ 1-0

[Event "Memorial Larsen"]
[Site "Treviglio"]
[Date "2010.10.20"]
[Round "4"]
[White "Tedoldi, Guido"]
[Black "Rossetti, Dario"]
[WhiteElo "1678"]
[BlackElo "1440"]
[Result "1-0"]
[PlyCount "79"]
[EventDate "2010.??.??"]

1. c4 e6 2. Nc3 Nf6 3. e4 e5 4. Nf3 d6 5. d3 h6 6. Be2 Be7 7. O-O O-O 8. Be3
Ng4 9. Nd5 Nxe3 10. Nxe3 Be6 11. d4 exd4 12. Nxd4 c5 13. Ndf5 Nc6 14. Qd2 Bxf5
15. Nxf5 Qc7 16. Rad1 Rad8 17. a3 Rfe8 18. Qd5 Rd7 19. Bh5 Nd8 20. e5 Qc6 21.
Qxc6 bxc6 22. exd6 Bf6 23. Rd2 Kh7 24. Bg4 Ne6 25. Ng3 g6 26. Ne4 Kg7 27. Bxe6
fxe6 28. Nxc5 Kf7 29. Nxd7 Bg7 30. Re1 e5 31. Nc5 Bf6 32. g3 g5 33. Ne4 Bd8 34.
Nc5 Bb6 35. Nb7 Bd4 36. Kg2 Rb8 37. Na5 c5 38. Nc6 Rb6 39. d7 Rxc6 40. d8=Q 1-0

[Event "Memorial Larsen"]
[Site "Treviglio"]
[Date "2010.11.03"]
[Round "5"]
[White "Acunzo, Domenico"]
[Black "Tedoldi, Guido"]
[WhiteElo "1802"]
[BlackElo "1678"]
[Result "0-1"]
[PlyCount "70"]
[EventDate "2010.??.??"]

1. e4 c5 2. Nf3 Nc6 3. c3 e5 4. Be2 Nf6 5. d3 Be7 6. O-O O-O 7. Nbd2 d5 8. exd5
Nxd5 9. Nc4 Qc7 10. Qc2 b5 11. Ne3 Be6 12. Nxd5 Bxd5 13. c4 Bxf3 14. Bxf3 Nd4
15. Qd1 Nxf3+ 16. Qxf3 bxc4 17. dxc4 Rad8 18. b3 Bf6 19. Rb1 Rd7 20. Bb2 Rfd8
21. Qe4 Rd2 22. g3 Qd7 23. a3 Qe7 24. Bc3 R2d3 25. Ba5 R8d7 26. Qc6 h6 27. a4
e4 28. b4 e3 29. bxc5 exf2+ 30. Kg2 Bd4 31. Rbd1 Rxd1 32. Rxd1 Qe2 33. Rf1 Re7
34. Qd6 Qe4+ 35. Kh3 Re5 0-1

[Event "Memorial Larsen"]
[Site "Treviglio"]
[Date "2010.11.03"]
[Round "5"]
[White "Catalano, Marcello"]
[Black "Paravella, Tiziano"]
[WhiteElo "1700"]
[BlackElo "1897"]
[Result "1/2-1/2"]
[PlyCount "73"]
[EventDate "2010.??.??"]

1. e4 {Niente Alechine, dunque. Con buona pace dei bookmakers londinesi che la
davano per scontata.} c5 2. Nf3 e6 {E niente Dragone Accelerato... Paravella
opta per linee decisamente più esplorate dalla teoria.} 3. d4 cxd4 4. Nxd4 d6
5. Nc3 Nf6 6. Bb5+ ({Sorpresa. Gli innumerevoli fan di Catalano stipati in
sala si aspettavano a questo punto l'affilatissimo attacco Keres introdotto da
} 6. g4 {, ma, forse per evitare la preparazione dell'avversario, il Bianco
decide di dare tutt'altra impronta strategica alla partita.}) 6... Bd7 7. O-O
Be7 8. Bxd7+ Qxd7 9. Qe2 Nc6 10. Rd1 O-O 11. Nf3 Qc7 ({L'unica alternativa
conosciuta al tratto scelto da Paravella è} 11... Qc8 {giocata nella;
Wippermann,T (2410)-Loxine,J (2301)/EU-ch 8th Dresden 2007 (11)/1/2-1/2}) 12.
Bf4 ({Novità. In una partita di qualche anno fa il Bianco continuò con} 12. Nb5
{, si veda in proposito la misconosciuta;Grant,A (2193)-Peek,M (2367)/Monarch
Assurance 15th 2006 (5)/1/2-1/2}) 12... Rad8 13. Nb5 Qb8 14. c4 a6 15. Nc3 Ne5
16. c5 {Spinta logica e saggia. Prendere in e5 per doppiare i pedoni neri
sulla colonna "e" avrebbe tolto ogni veleno alla posizione. Con la mossa del
testo Catalano dimostra invece di avere intenzioni bellicose.} Ng6 ({Questa
ritirata di Cavallo pare piuttosto discutibile. La via migliore per il Nero è
data, a nostro avviso, dal seguito pressochè forzato} 16... Nxf3+ 17. Qxf3 e5
18. cxd6 Rxd6 {che porta ad una posizione estremamente dinamica dove le
chances si equivalgono per entrambi i colori. Con la mossa effettuata in
partita, Paravella cede invece un pedone senza alcun compenso.}) 17. Bxd6 Bxd6
18. cxd6 ({Un'imprecisione che fa sfumare il piccolo capitale accumulato. Si
doveva optare per} 18. Rxd6 Rxd6 19. cxd6 e5 20. Rd1 {e il pedone d6 sarebbe
diventato un solidissimo cuneo piantato nella carne viva dello schieramento
avversario.}) 18... e5 {Ben giocata. Bisogna infatti impedire che il pedone
"e" del Bianco possa dar man forte allo spericolato incursore amico collocato
sulla sesta traversa.} 19. Nd5 ({E Catalano, purtroppo, infila un altro tratto
non all'altezza delle sue pugnaci ambizioni. Visto che il pedone "d" è ormai
perso, tanto vale giocare mosse come} 19. Qc4 {che hanno almeno il pregio di
dare ossigeno e attività alla Donna.}) 19... Rxd6 ({Il modo più sicuro di
pareggiare i conti col materiale è dato probabilmente da} 19... Nxd5 20. exd5 (
20. Rxd5 Nf4 {e il Nero pasteggia a champagne}) 20... Qxd6 {, ma anche la via
seguita da Paravella non è male.}) 20. Nxf6+ Rxf6 21. Rd7 Rd6 22. Rd1 Nf4 ({Si
poteva naturalmente giocare} 22... Rxd7 23. Rxd7 Qc8 {, una linea che pare
preludere alla patta. Ma per scalzare Catalano dalla testa del torneo serve
una vittoria, ecco perché il Nero decide di gettarsi a testa bassa nelle
complicazioni.}) 23. Qc4 Rxd1+ 24. Rxd1 Rd8 25. Qb3 Ne2+ 26. Kf1 Nd4 27. Qb6
Re8 ({Tutti si aspettavano} 27... Rd6 {, ma nell'ansia di tener viva la
partita Paravella commette una nuova imprecisione regalando ancora una volta
materiale all'avversario.}) 28. Nxd4 exd4 29. Rxd4 Qc8 ({Anche} 29... Qxh2 30.
Rd8 Qe5 (30... Qh1+ 31. Ke2 Qh5+ 32. f3 f6 33. Rxe8+ Qxe8 34. Qxb7) 31. Rxe8+
Qxe8 32. Qxb7 {lascia il Bianco in vantaggio.}) 30. f3 ({Questa mossa dimostra
al di là di ogni ragionevole dubbio che al Bianco, ora, la patta va benissimo.
In caso contrario avrebbe certamente giocato} 30. g3) 30... g6 ({Paravella
continua ad assumersi qualche piccolo rischio. Una patta sicura scaturisce
ovviamente da} 30... Qc1+ 31. Kf2 h6) 31. Rd1 ({Per continuare a mettere
pressione al Nero si doveva giocare} 31. Kf2) 31... Qc4+ 32. Ke1 (32. Kg1 {è
più o meno equivalente.}) 32... Qxa2 33. Qxb7 Qa5+ 34. b4 Qa3 35. Rd7 {
Puntando decisamente alla spartizione del punto.} Qa1+ 36. Kf2 Qa2+ (36... Qb2+
{porta alla patta.}) 37. Ke1 ({Giocando} 37. Kg3 {si tien viva la partita...
ma il Bianco non ha motivo di continuare.}) 1/2-1/2

[Event "Memorial Larsen"]
[Site "Treviglio"]
[Date "2010.11.03"]
[Round "5"]
[White "Corna, Giovanni"]
[Black "Parolini, Marco"]
[WhiteElo "1440"]
[BlackElo "1440"]
[Result "0-1"]
[PlyCount "54"]
[EventDate "2010.??.??"]

1. e4 e5 2. Nf3 d6 3. h3 Nf6 4. Nc3 Nc6 5. Bc4 Be6 6. Bxe6 fxe6 7. d3 d5 8. Bg5
d4 9. Ne2 Bb4+ 10. c3 Be7 11. Qa4 Qd7 12. c4 Nb4 13. Qb3 Qd6 14. O-O h6 15. Bd2
c5 16. a3 Nc6 17. Nh4 Nxe4 18. dxe4 Bxh4 19. Qxb7 O-O 20. Qb3 d3 21. Nc1 Qd4
22. Qxd3 Bxf2+ 23. Rxf2 Qxf2+ 24. Kh2 Rad8 25. Be3 Qxb2 26. Rb1 Rxd3 27. Rxb2
Rxe3 0-1

[Event "Memorial Larsen"]
[Site "Treviglio"]
[Date "2010.11.03"]
[Round "5"]
[White "Fiammetti, Gianluca"]
[Black "Ornaghi, Giovanni"]
[WhiteElo "1464"]
[BlackElo "1680"]
[Result "0-1"]
[PlyCount "60"]
[EventDate "2010.??.??"]

1. e4 e6 2. g3 d5 3. exd5 exd5 4. Bg2 Nf6 5. Qe2+ Be7 6. Nf3 O-O 7. O-O Re8 8.
Qd1 Be6 9. b3 Qd7 10. Bb2 Bh3 11. d3 Bxg2 12. Kxg2 c5 13. c3 Nc6 14. Nbd2 Qf5
15. d4 b6 16. c4 dxc4 17. Nxc4 cxd4 18. Nxd4 Nxd4 19. Qxd4 Bc5 20. Qf4 Qxf4 21.
gxf4 Nd5 22. Kf3 Rad8 23. Rg1 g6 24. h4 Nb4 25. Ne5 f6 26. Ng4 Rd3+ 27. Kg2 Re2
28. Nxf6+ Kf7 29. Be5 Rxf2+ 30. Kh1 Rh3# 0-1

[Event "Memorial Larsen"]
[Site "Treviglio"]
[Date "2010.11.03"]
[Round "5"]
[White "Marangoni, Roberto"]
[Black "Menato, Nazario"]
[WhiteElo "1440"]
[BlackElo "1567"]
[Result "0-1"]
[PlyCount "50"]
[EventDate "2010.??.??"]

1. e4 c5 2. Nf3 d6 3. d4 cxd4 4. Nxd4 Nf6 5. Nc3 Nc6 6. h3 g6 7. Be3 Bg7 8. Qd2
O-O 9. f3 a6 10. g4 e5 11. Nb3 Be6 12. O-O-O Bxb3 13. axb3 Qa5 14. Na4 Qxd2+
15. Rxd2 Nd4 16. g5 Nh5 17. Bxd4 exd4 18. Nb6 Rad8 19. Bd3 Nf4 20. Nd5 Be5 21.
Bc4 b5 22. Bd3 Kg7 23. h4 Rc8 24. Nb4 Rc5 25. Nxa6 Ra8 0-1

[Event "Memorial Larsen"]
[Site "Treviglio"]
[Date "2010.11.03"]
[Round "5"]
[White "Radaelli, Pietro"]
[Black "Bonora, Stefano"]
[WhiteElo "1455"]
[BlackElo "1440"]
[Result "1/2-1/2"]
[PlyCount "31"]
[EventDate "2010.??.??"]

1. e4 e5 2. d4 exd4 3. Qxd4 Nc6 4. Qe3 d6 5. Nc3 Nf6 6. Bb5 Bd7 7. Nf3 Be7 8.
Bd2 O-O 9. O-O-O a6 10. Bd3 b5 11. e5 Ng4 12. Qe2 dxe5 13. h3 Nd4 14. Nxd4 exd4
15. Nd5 Nxf2 16. Qxf2 1/2-1/2

[Event "Memorial Larsen"]
[Site "Treviglio"]
[Date "2010.11.03"]
[Round "5"]
[White "Vuckovic, Dimitrije"]
[Black "Maffeis, Fabio"]
[WhiteElo "1589"]
[BlackElo "1440"]
[Result "1-0"]
[PlyCount "109"]
[EventDate "2010.??.??"]

1. Nf3 Nc6 2. c4 e5 3. Nc3 Bb4 4. Qc2 Nf6 5. g3 h6 6. Bg2 d6 7. O-O Be6 8. b3
Qd7 9. Bb2 Bh3 10. a3 Bxc3 11. Bxc3 Bf5 12. Qb2 e4 13. Nd4 Nxd4 14. Bxd4 Qe6
15. Bxf6 Qxf6 16. Qxf6 gxf6 17. e3 O-O-O 18. Rac1 h5 19. h4 d5 20. c5 c6 21. f3
Rh6 22. Kh2 exf3 23. Bxf3 Be4 24. Rf2 Bxf3 25. Rxf3 d4 26. e4 Re8 27. d3 Re5
28. Rc4 f5 29. Rf4 fxe4 30. Rxe4 Rxe4 31. dxe4 d3 32. Rd4 Re6 33. Kg2 d2 34.
Kf3 Rf6+ 35. Ke2 Rg6 36. Rd3 Rg4 37. Re3 f5 38. exf5 Rd4 39. Kd1 Rd5 40. Rf3
Kd8 41. b4 Ke7 42. f6+ Kf7 43. a4 b6 44. cxb6 axb6 45. Rc3 Rd6 46. Rf3 Rxf6 47.
Rxf6+ Kxf6 48. Kxd2 Kf5 49. a5 bxa5 50. bxa5 Kg4 51. a6 Kxg3 52. a7 Kxh4 53.
a8=Q Kg3 54. Qxc6 h4 55. Ke2 1-0

[Event "Memorial Larsen"]
[Site "Treviglio"]
[Date "2010.11.10"]
[Round "6"]
[White "Bonora, Stefano"]
[Black "Corna, Giovanni"]
[WhiteElo "1440"]
[BlackElo "1440"]
[Result "1-0"]
[PlyCount "47"]
[EventDate "2010.??.??"]

1. e4 e5 2. Bc4 Nf6 3. Nc3 Nc6 4. d3 Bc5 5. Nge2 d6 6. Bg5 h6 7. Bh4 a6 8. Qd2
O-O 9. O-O-O b5 10. Bd5 Bb7 11. f4 Re8 12. Rdf1 Ra7 13. fxe5 Rxe5 14. Bxf6 gxf6
15. Qxh6 Qf8 16. Qxf8+ Kxf8 17. Bxc6 Bxc6 18. d4 b4 19. dxe5 bxc3 20. Nxc3 fxe5
21. h4 Be8 22. g4 Be3+ 23. Kb1 Ke7 24. Nd5+ 1-0

[Event "Memorial Larsen"]
[Site "Treviglio"]
[Date "2010.11.10"]
[Round "6"]
[White "Fiammetti, Gianluca"]
[Black "Mandari, Gianfranco"]
[WhiteElo "1464"]
[BlackElo "1440"]
[Result "1-0"]
[PlyCount "103"]
[EventDate "2010.??.??"]

1. c4 d5 2. cxd5 Qxd5 3. Nc3 Qc6 4. Nf3 Nd7 5. Qb3 Nc5 6. Qb5 Bd7 7. Qxc6 Bxc6
8. Ne5 Ne4 9. Nxc6 Nxc3 10. Nxa7 Rxa7 11. bxc3 e6 12. g3 Nf6 13. Bg2 Bd6 14.
O-O O-O 15. Bb2 Ba3 16. Bxa3 Rxa3 17. Bxb7 Rb8 18. Bf3 g6 19. c4 Nd7 20. d4 e5
21. Bc6 Rd8 22. Bxd7 Rxd7 23. dxe5 Rd4 24. Rfd1 Rxd1+ 25. Rxd1 Rxa2 26. e3 Rc2
27. Rd8+ Kg7 28. Rd7 Rxc4 29. e6 Kf8 30. exf7 c6 31. Kg2 Re4 32. Rc7 Re7 33.
Rxc6 Rxf7 34. f4 Kg7 35. e4 Rf6 36. Rxf6 Kxf6 37. e5+ Kf5 38. Kf3 h6 39. g4+
Ke6 40. h4 h5 41. gxh5 gxh5 42. Ke4 Ke7 43. Kf5 Kf7 44. Kg5 Ke6 45. Kg6 Ke7 46.
f5 Kf8 47. e6 Ke7 48. Kg5 Kf8 49. Kxh5 Kg7 50. Kg5 Kg8 51. h5 Kh7 52. e7 1-0

[Event "Memorial Larsen"]
[Site "Treviglio"]
[Date "2010.11.10"]
[Round "6"]
[White "Menato, Nazario"]
[Black "Catalano, Marcello"]
[WhiteElo "1567"]
[BlackElo "1700"]
[Result "1-0"]
[PlyCount "97"]
[EventDate "2010.??.??"]

1. d4 d5 2. Nf3 Nf6 3. g3 e6 4. Bg2 Bb4+ 5. c3 Be7 6. Nbd2 O-O 7. O-O b6 8. Re1
Bb7 9. Qc2 Nbd7 10. c4 c5 11. b3 Rc8 12. Bb2 cxd4 13. Nxd4 a6 14. a4 Qc7 15.
Rac1 Rfd8 16. N4f3 Bc5 17. Bc3 Ba3 18. Ra1 Bc5 19. e3 Be7 20. a5 b5 21. Rac1 b4
22. Bxf6 Bxf6 23. Qa2 Bc3 24. Re2 Nf6 25. Nd4 Bxd4 26. exd4 dxc4 27. Rxc4 Qe7
28. Bxb7 Qxb7 29. Qa1 Nd5 30. Rxc8 Rxc8 31. Nc4 Nc3 32. Re3 Rd8 33. Qf1 Rxd4
34. Rd3 Qe4 35. Re3 Qc2 36. Kg2 Qxb3 37. Ne5 Qd5+ 38. Nf3 Qxa5 39. Nxd4 Qd5+
40. Nf3 a5 41. Rd3 Qa8 42. Rd6 h6 43. Ra6 Qd5 44. Ra7 g5 45. h3 h5 46. Qc1 f6
47. g4 h4 48. Qe3 Qc6 49. Qd3 1-0

[Event "Memorial Larsen"]
[Site "Treviglio"]
[Date "2010.11.10"]
[Round "6"]
[White "Ornaghi, Giovanni"]
[Black "Tedoldi, Guido"]
[WhiteElo "1680"]
[BlackElo "1678"]
[Result "1-0"]
[PlyCount "53"]
[EventDate "2010.??.??"]

1. e4 c5 2. Nf3 Nc6 3. Bb5 e6 4. O-O Nf6 5. Re1 Be7 6. c3 O-O 7. d4 cxd4 8.
cxd4 d6 9. Nc3 Bd7 10. d5 Ne5 11. Nxe5 Bxb5 12. Nxf7 Rxf7 13. dxe6 Rf8 14. Nxb5
Qb6 15. Nc3 Ng4 16. Be3 Nxe3 17. Rxe3 Qxb2 18. Qe1 Bf6 19. Rb1 Qa3 20. e7 Rf7
21. Nd5 Qxa2 22. Nc7 Bxe7 23. Nxa8 Rxf2 24. Qxf2 Qxb1+ 25. Re1 Qb4 26. Rf1 h6
27. Qf7+ 1-0

[Event "Memorial Larsen"]
[Site "Treviglio"]
[Date "2010.11.10"]
[Round "6"]
[White "Paravella, Tiziano"]
[Black "Marangoni, Roberto"]
[WhiteElo "1897"]
[BlackElo "1440"]
[Result "1-0"]
[PlyCount "57"]
[EventDate "2010.??.??"]

1. c4 e5 2. Nc3 Nf6 3. Nf3 Nc6 4. g3 Bb4 5. d3 d5 6. cxd5 Nxd5 7. Bd2 O-O 8.
Bg2 Be6 9. O-O Qd7 10. Ng5 Bxc3 11. Nxe6 fxe6 12. bxc3 Nf6 13. Rb1 Rab8 14. Qa4
a6 15. Bxc6 Qxc6 16. Qxc6 bxc6 17. Rb4 Rb6 18. Be3 Rxb4 19. cxb4 e4 20. dxe4
Nxe4 21. Rc1 Rb8 22. a3 Nf6 23. Rxc6 Nd5 24. Bd4 Rd8 25. Be5 Ra8 26. e4 Nf6 27.
Rxc7 Rd8 28. Bxf6 gxf6 29. Rc6 1-0

[Event "Memorial Larsen"]
[Site "Treviglio"]
[Date "2010.11.10"]
[Round "6"]
[White "Parolini, Marco"]
[Black "Maffeis, Fabio"]
[WhiteElo "1440"]
[BlackElo "1440"]
[Result "0-1"]
[PlyCount "50"]
[EventDate "2010.??.??"]

1. d4 d5 2. c4 c6 3. c5 e5 4. dxe5 Bxc5 5. Qc2 Bd4 6. e3 Bxe5 7. Bd3 Nf6 8. Nf3
Qd6 9. Nc3 Bg4 10. h3 Bxf3 11. gxf3 O-O 12. e4 Re8 13. Bg5 Nbd7 14. Bxf6 Nxf6
15. O-O-O Rac8 16. h4 b5 17. Ne2 a6 18. h5 h6 19. Rh4 a5 20. f4 dxe4 21. Bxe4
Bxb2+ 22. Qxb2 Qc5+ 23. Kb1 Rxe4 24. Rc1 Qxf2 25. Nc3 Rb4 0-1

[Event "Memorial Larsen"]
[Site "Treviglio"]
[Date "2010.11.10"]
[Round "6"]
[White "Radaelli, Pietro"]
[Black "Vuckovic, Dimitrije"]
[WhiteElo "1455"]
[BlackElo "1589"]
[Result "0-1"]
[PlyCount "68"]
[EventDate "2010.??.??"]

1. c4 g6 2. Nc3 Nf6 3. g3 Nc6 4. Bg2 b6 5. d3 Bb7 6. e4 e5 7. Bg5 Bg7 8. Nge2
O-O 9. O-O h6 10. Bd2 a6 11. f4 d6 12. Qc1 Nb4 13. Qb1 exf4 14. Nxf4 Nd7 15. a3
Nc6 16. Qc2 Nd4 17. Qd1 c5 18. Nfe2 Ne5 19. Bf4 Nec6 20. Rb1 Ne6 21. Be3 Ncd4
22. b4 Qc7 23. bxc5 bxc5 24. Nd5 Bxd5 25. cxd5 Nxe2+ 26. Qxe2 Nd4 27. Qd2 Kh7
28. Rfc1 Rab8 29. Kh1 Nb3 30. Qc2 Nxc1 31. Qxc1 Rxb1 32. Qxb1 Rb8 33. Qc2 Qa5
34. Bf4 Qe1+ 0-1